• 首页
  • 本馆介绍
  • 公告通知
  • 最新文献
  • 馆藏检索
  • 电子资源
  • 读者导购
  • 参考咨询
  • 我的图书馆
  • 登录
  • 详细信息显示
  • 放入我的书架
  • 预约/预借图书
  • 作者相关作品
  • 分类相关作品
  • 丛书相关作品
  • 出版社相关作品

书目信息

  • 表格格式
  • 工作单格式
  • 卡片格式
题名:
物流配送中心选址与路径优化问题
    
 
作者: 李珍萍 , 周文峰 著
分册:  
出版信息: 北京   机械工业出版社  2014.11
页数: 168页
开本: 24cm
丛书名:
单 册:
中图分类: F252.14
科图分类:
主题词: 物流配送中心--wu liu pei song zhong xin--选址--研究
电子资源:
ISBN: 978-7-111-47674-0
000 01251nam0 22002531 450
001 0116132800
005 20161219101056.23
010    @a978-7-111-47674-0@dCNY39.00
100    @a20141118d2014 em y0chiy50 ea
101 0  @achi
102    @aCN@b110000
105    @ay z 000yy
106    @ar
200 1  @a物流配送中心选址与路径优化问题@9wu liu pei song zhong xin xuan zhi yu lu jing you hua wen ti@e建模与求解@f李珍萍, 周文峰著
210    @a北京@c机械工业出版社@d2014.11
215    @a168页@d24cm
330    @a本书系统总结了作者近年来在物流配送中心选址及路径优化问题建模与求解方面的研究成果,从定量模型及算法的角度对物流领域的相关问题进行了深入研究。其中包括一般配送中心选址问题、带限制条件的配送中心选址问题、应急服务设施选址问题、垃圾处理场选址问题、竞争设施选址问题、运输路径优化问题、车辆路径问题、定向问题等,每一个问题中又包括2~5个不同的子问题,对于每个子问题,分别从问题的背景描述、数学模型建立、求解数学模型的算法设计、案例分析等几个方面进行介绍。
517 1  @a建模与求解@9jian mo yu qiu jie
606 0  @a物流配送中心@9wu liu pei song zhong xin@x选址@x研究
690    @aF252.14@v5
701  0 @a李珍萍@9li zhen ping@4著
701  0 @a周文峰@9zhou wen feng@4著
801  0 @aCN@bTANGWEI@c20161216
905    @b0953064-8@dF252.14@e250@f5
    
    物流配送中心选址与路径优化问题:建模与求解/李珍萍, 周文峰著 .-北京:机械工业出版社,2014.11
    168页;24cm
    
    
    ISBN 978-7-111-47674-0:CNY39.00
    本书系统总结了作者近年来在物流配送中心选址及路径优化问题建模与求解方面的研究成果,从定量模型及算法的角度对物流领域的相关问题进行了深入研究。其中包括一般配送中心选址问题、带限制条件的配送中心选址问题、应急服务设施选址问题、垃圾处理场选址问题、竞争设施选址问题、运输路径优化问题、车辆路径问题、定向问题等,每一个问题中又包括2~5个不同的子问题,对于每个子问题,分别从问题的背景描述、数学模型建立、求解数学模型的算法设计、案例分析等几个方面进行介绍。
●
相关链接 在E读中查询图书 在五车中查询图书 在当当中查询图书 在豆瓣中查询图书


正题名:物流配送中心选址与路径优化问题     索取号:F252.14/250         预约/预借

序号 登录号 条形码 馆藏地/架位号 状态 备注
1 0953064   209530649   第一样本阅览室/ [索取号:F252.14/250] 在馆    
2 0953065   209530658   第一借阅区/ [索取号:F252.14/250] 在馆    
3 0953066   209530667   第一借阅区/ [索取号:F252.14/250] 在馆    
4 0953067   209530676   第一借阅区/ [索取号:F252.14/250] 在馆    
5 0953068   209530685   第一借阅区/ [索取号:F252.14/250] 在馆    
唐山师范学院图书馆 欢迎您!
大连网信软件有限公司© 版权所有